000 00951cai a22001935a 4500
001 L148574
008 091005u2012 xxk g 000 0 eng d
035 _a(Sirsi) u148574
041 0 _aeng
110 2 _aInfrastructure Planning Commission
_95799
245 0 0 _aInfrastructure Planning Commission website
_h[electronic resource]
520 _aABOLISHED 1st April 2012 because of 2011 Localism Act.
520 _aWebsite of the Infrastructure Planning Commission (IPC). Set under the 2008 Planning Act, the IPC makes decisions on applications of nationally significant infrastructure projects. Presents the role of the IPC, projects under way, and relevant legislation.
590 _aKA
651 4 _aUnited Kingdom
_y
690 _aENVIRONMENTAL AND LAND CONSULTANCY-PLANNING AND DEVELOPMENT
856 4 0 _uhttps://www.infrastructure.communities.gov.uk/
_zView the website free of charge at www.infrastructure.communities.gov.uk...
942 _n0
999 _c110115
_d110115